Statistics for cuphead bosses in 1 minute

Click here to take the quiz!

General Stats

  • This quiz has been taken 56 times
  • The average score is 11 of 19

Answer Stats

Answer% Correct
frog duoribby and croaks
86%
vegetablesthe root pack
86%
a water drop?goopy le grande
82%
zeppelin girl?hilda berg
82%
flowercagney carnation
79%
candy princessbaroness von bon bon
75%
clownbeppi the clown
75%
geniedjimmi the great
68%
birdwally warbles
68%
dragongrim matchstick
61%
queen beerumor honeybottoms
57%
medusacala maria
50%
piratecaptain brineybeard
43%
giant robotdr kahl's robot
29%
dieheadking dice
29%
final bossthe devil
25%
mouse or ratwerner werman
25%
theatre bosssally stageplay
21%
ghost trainphantom express
18%

Score Distribution

Percentile by Number Answered

Percent of People with Each Score

Your Score History

You have not taken this quiz